[Event "Level op 7th"]
[Site "Level"]
[Date "2019.05.12"]
[Round "7"]
[White "Tolnai, Jozsef"]
[Black "Zorkoczy, Gyorgy"]
[Result "0-1"]
[WhiteElo "1827"]
[BlackElo "1925"]
[PlyCount "86"]
[EventDate "2019.05.10"]
[EventType "swiss"]
[EventRounds "7"]
[EventCountry "HUN"]
[SourceTitle "EXT 2021"]
[Source "ChessBase"]
[SourceDate "2020.10.23"]
[SourceVersion "1"]
[SourceVersionDate "2020.10.23"]
[SourceQuality "1"]

1. e4 e6 2. d4 d5 3. Nd2 c5 4. Ne2 Nc6 5. c3 Qb6 6. exd5 exd5 7. Nf4 Nf6 8. Qe2+ Be7 9. dxc5 Qxc5 10. Nb3 Qd6 11. Nd3 0-0 12. Bf4 Qd8 13. 0-0-0 Bg4 14. f3 Bh5 15. g4 Bg6 16. h4 Rc8 17. Ne5 h6 18. Nxg6 fxg6 19. Kb1 Kh8 20. Qd2 Nh7 21. Bd3 Bd6 22. Bxd6 Qxd6 23. Rhf1 Qf6 24. Qh2 Ne5 25. Be2 Nc4 26. Bxc4 dxc4 27. Nd4 Qf7 28. Rde1 g5 29. Nf5 gxh4 30. Re7 Qd5 31. Qe2 Rcd8 32. Nxh4 Qg5 33. Nf5 Rd2 34. Qxc4 Rxf5 35. Rxb7 Rf8 36. Rxa7 Qg6+ 37. Ka1 Rfd8 38. Qb3 Qd3 39. Rb1 Rd1 40. Qxd1 Qxd1 41. Ra8 Qd5 42. Rxd8+ Qxd8 43. a4 Qa5 0-1

[Event "Level op 7th"]
[Site "Level"]
[Date "2019.05.12"]
[Round "6"]
[White "Zorkoczy, Gyorgy"]
[Black "Somogyi, Barbara"]
[Result "1-0"]
[WhiteElo "1925"]
[BlackElo "1527"]
[PlyCount "123"]
[EventDate "2019.05.10"]
[EventType "swiss"]
[EventRounds "7"]
[EventCountry "HUN"]
[SourceTitle "EXT 2021"]
[Source "ChessBase"]
[SourceDate "2020.10.23"]
[SourceVersion "1"]
[SourceVersionDate "2020.10.23"]
[SourceQuality "1"]

1. e4 d5 2. exd5 Qxd5 3. Nc3 Qd6 4. d4 c6 5. Nf3 Nf6 6. Be2 Bg4 7. Be3 e6 8. h3 Bh5 9. Ne5 Bxe2 10. Qxe2 Nbd7 11. f4 Be7 12. 0-0 0-0 13. g4 Nd5 14. Ne4 Qc7 15. Bd2 Rad8 16. c4 N5f6 17. Bc3 Rfe8 18. Ng3 Bd6 19. g5 Nxe5 20. fxe5 Nd7 21. exd6 Qxd6 22. Qf3 Rf8 23. Rad1 Qe7 24. Qf4 Nb6 25. b3 Rd7 26. Rde1 Qd8 27. Qe5 Qc7 28. Qxc7 Rxc7 29. Ba5 Rd7 30. Bxb6 axb6 31. Rd1 Rfd8 32. Kf2 c5 33. Ke3 cxd4+ 34. Ke4 d3 35. Rd2 Rd4+ 36. Ke3 Kf8 37. Rfd1 Ke7 38. Rxd3 Rxd3+ 39. Rxd3 Ra8 40. a4 Ra5 41. h4 Re5+ 42. Kf4 f6 43. Ne4 Rf5+ 44. Kg4 fxg5 45. hxg5 Rf8 46. c5 e5 47. Rf3 Rd8 48. cxb6 Rd4 49. Kf5 Rb4 50. Kxe5 Rxb6 51. Nc5 Rb4 52. Rf4 Rb6 53. Rd4 Rc6 54. b4 b6 55. Ne4 Re6+ 56. Kf4 Rc6 57. Ke5 Re6+ 58. Kd5 Kd7 59. a5 Re8 60. axb6 Rb8 61. Kc5+ Kc8 62. Kc6 1-0

[Event "Level op 7th"]
[Site "Level"]
[Date "2019.05.11"]
[Round "3"]
[White "Toth, Lili1111"]
[Black "Zorkoczy, Gyorgy"]
[Result "1/2-1/2"]
[WhiteElo "1464"]
[BlackElo "1925"]
[PlyCount "76"]
[EventDate "2019.05.10"]
[EventType "swiss"]
[EventRounds "7"]
[EventCountry "HUN"]
[SourceTitle "EXT 2021"]
[Source "ChessBase"]
[SourceDate "2020.10.23"]
[SourceVersion "1"]
[SourceVersionDate "2020.10.23"]
[SourceQuality "1"]

1. d4 Nf6 2. c4 e6 3. Nc3 b6 4. e3 Bb7 5. Nf3 Be7 6. Bd3 d5 7. 0-0 0-0 8. cxd5 Nxd5 9. e4 Nxc3 10. bxc3 Nd7 11. Bf4 c5 12. Bc2 Rc8 13. Ne5 Nxe5 14. Bxe5 Bf6 15. Bxf6 Qxf6 16. f4 Rfd8 17. e5 Qh4 18. Qd2 cxd4 19. cxd4 Rc4 20. Rad1 Rcxd4 21. Qxd4 Rxd4 22. Rxd4 g6 23. Rd7 Bd5 24. Bb3 Be4 25. Rxa7 b5 26. Rd7 Qg4 27. Rf2 Qf5 28. Bd1 h5 29. h3 Bc6 30. Rd4 Qb1 31. Kh2 Bd5 32. Bf3 Bxf3 33. Rxf3 Qxa2 34. Rb4 Qd2 35. Rxb5 Kg7 36. Rbb3 Qc2 37. Rbc3 Qd2 38. Rcd3 Qe2 1/2-1/2

[Event "HUN-chT4 Chalupetzky 1819"]
[Site "Hunagry"]
[Date "2019.03.17"]
[Round "7.1"]
[White "Balogh, Szabolcs"]
[Black "Zorkoczy, Gyorgy"]
[Result "1/2-1/2"]
[WhiteElo "1859"]
[BlackElo "1913"]
[PlyCount "88"]
[EventDate "2018.10.14"]
[EventType "team-tourn"]
[EventRounds "10"]
[EventCountry "HUN"]
[SourceTitle "EXT 2020"]
[Source "ChessBase"]
[SourceDate "2019.10.17"]
[SourceVersion "1"]
[SourceVersionDate "2019.10.17"]
[SourceQuality "1"]
[WhiteTeam "Gyor Bastya"]
[BlackTeam "KSE Level"]
[WhiteTeamCountry "HUN"]
[BlackTeamCountry "HUN"]

1. e4 e6 2. d4 d5 3. Bd3 c5 4. exd5 exd5 5. c3 cxd4 6. cxd4 Nf6 7. Nf3 Bd6 8. h3 0-0 9. 0-0 h6 10. Nc3 a6 11. Re1 Be6 12. Ne5 Nc6 13. Nxc6 bxc6 14. Be3 Qc8 15. Qf3 Ng4 16. Bf4 Bxf4 17. Qxf4 Nf6 18. Na4 Qb8 19. Qxb8 Rfxb8 20. b3 Nd7 21. f4 Nf6 22. Nc5 Bc8 23. Kf2 g6 24. Rad1 Kf8 25. Bb1 Nd7 26. Nd3 a5 27. Ke3 Ba6 28. Ne5 Nxe5 29. fxe5 Re8 30. Rc1 Rac8 31. Rc5 a4 32. bxa4 Bc4 33. a3 Re6 34. Bd3 Bb3 35. a5 Ba4 36. Rb1 Ra8 37. a6 f6 38. Kf4 fxe5+ 39. dxe5 Bb5 40. Bxb5 cxb5 41. Rcxb5 Rexa6 42. Rb8+ Rxb8 43. Rxb8+ Ke7 44. Rb3 Ke6 1/2-1/2

[Event "HUN-chT4 Chalupetzky 1819"]
[Site "Hunagry"]
[Date "2018.11.04"]
[Round "2.1"]
[White "Zorkoczy, Gyorgy"]
[Black "Balogh, Szabolcs"]
[Result "1/2-1/2"]
[WhiteElo "1913"]
[BlackElo "1858"]
[PlyCount "35"]
[EventDate "2018.10.14"]
[EventType "team-tourn"]
[EventRounds "10"]
[EventCountry "HUN"]
[SourceTitle "EXT 2020"]
[Source "ChessBase"]
[SourceDate "2019.10.17"]
[SourceVersion "1"]
[SourceVersionDate "2019.10.17"]
[SourceQuality "1"]
[WhiteTeam "KSE Level"]
[BlackTeam "Gyor Bastya"]
[WhiteTeamCountry "HUN"]
[BlackTeamCountry "HUN"]

1. e4 c5 2. Nf3 Nc6 3. c3 g6 4. d4 cxd4 5. cxd4 Bg7 6. Nc3 d6 7. h3 Nf6 8. Be2 0-0 9. 0-0 a6 10. Be3 b5 11. a3 Bb7 12. Rc1 e5 13. d5 Nb8 14. Qd2 Re8 15. Bg5 Nbd7 16. Bd3 Nc5 17. Bc2 Rc8 18. b4 1/2-1/2

[Event "HUN-chT4 Chalupetzky 1718"]
[Site "Hungary"]
[Date "2018.01.21"]
[Round "5.3"]
[White "Zorkoczy, Gyorgy"]
[Black "Nagy, Hunor"]
[Result "1/2-1/2"]
[WhiteElo "1925"]
[BlackElo "1918"]
[PlyCount "79"]
[EventDate "2017.10.15"]
[EventType "team-tourn"]
[EventRounds "7"]
[EventCountry "HUN"]
[SourceTitle "EXT 2019"]
[Source "ChessBase"]
[SourceDate "2018.10.10"]
[SourceVersion "1"]
[SourceVersionDate "2018.10.10"]
[SourceQuality "1"]
[WhiteTeam "KSE Level"]
[BlackTeam "Gyor Szechenyi"]
[WhiteTeamCountry "HUN"]
[BlackTeamCountry "HUN"]

1. e4 e5 2. Nf3 Nc6 3. Bc4 Nf6 4. d3 Bc5 5. h3 d6 6. Nc3 Be6 7. Bxe6 fxe6 8. Na4 Bb6 9. Nxb6 axb6 10. 0-0 0-0 11. c3 Qe8 12. Be3 Rd8 13. Qc2 Nh5 14. Qe2 Rd7 15. Nh2 Nf4 16. Bxf4 exf4 17. f3 e5 18. Rad1 Kh8 19. Rf2 Rf6 20. Ng4 Rg6 21. d4 h5 22. Nh2 Qf7 23. d5 Ne7 24. a4 Rd8 25. Qb5 Nc8 26. Rfd2 Na7 27. Qb4 Qd7 28. Kf2 Ra8 29. c4 Nc8 30. b3 Qd8 31. Rg1 Qh4+ 32. Ke2 Qd8 33. Kd3 c6 34. Kc2 c5 35. Qc3 Ne7 36. Re2 Ng8 37. Qe1 Qg5 38. Nf1 h4 39. Nh2 Rf6 40. Ng4 1/2-1/2

[Event "HUN-chT4 1617"]
[Site "Hungary"]
[Date "2017.02.19"]
[Round "5.1"]
[White "Csavajda, Peter"]
[Black "Zorkoczy, Gyorgy"]
[Result "1/2-1/2"]
[WhiteElo "1954"]
[BlackElo "1945"]
[PlyCount "28"]
[EventDate "2016.10.02"]
[EventType "team-tourn"]
[EventRounds "7"]
[EventCountry "HUN"]
[SourceTitle "EXT 2019"]
[Source "ChessBase"]
[SourceDate "2018.10.10"]
[SourceVersion "1"]
[SourceVersionDate "2018.10.10"]
[SourceQuality "1"]

1. c4 c5 2. Nc3 Nc6 3. e4 e5 4. d3 d6 5. g3 Be7 6. Bg2 Nd4 7. Nge2 Rb8 8. 0-0 Nf6 9. h3 0-0 10. Kh2 h6 11. f4 a6 12. Nxd4 cxd4 13. Nd5 Nxd5 14. cxd5 f5 1/2-1/2

[Event "HUN-chT4 1617"]
[Site "Hungary"]
[Date "2016.12.04"]
[Round "3.2"]
[White "Horvath, Zoltan1111"]
[Black "Zorkoczy, Gyorgy"]
[Result "1/2-1/2"]
[WhiteElo "1846"]
[BlackElo "1945"]
[PlyCount "60"]
[EventDate "2016.10.02"]
[EventType "team-tourn"]
[EventRounds "7"]
[EventCountry "HUN"]
[SourceTitle "EXT 2019"]
[Source "ChessBase"]
[SourceDate "2018.10.10"]
[SourceVersion "1"]
[SourceVersionDate "2018.10.10"]
[SourceQuality "1"]

1. e4 c5 2. Nf3 e6 3. d4 cxd4 4. Nxd4 Nc6 5. c3 Nf6 6. Bg5 Be7 7. Nxc6 bxc6 8. Bd3 Qb6 9. Qb3 Ba6 10. Bxa6 Qxa6 11. Nd2 0-0 12. Qc4 Qb7 13. 0-0 Qxb2 14. Rab1 Qa3 15. Rb7 Rfd8 16. e5 Nd5 17. Bxe7 Nxe7 18. Ne4 Nd5 19. Rfb1 f6 20. f4 f5 21. R7b3 Qxa2 22. R1b2 Qa5 23. Nd6 Nb6 24. Qd4 Qd5 25. Qb4 Nc8 26. Nb7 Re8 27. g3 Nb6 28. Nd6 Rf8 29. c4 Qd4+ 30. Kg2 Nc8 1/2-1/2

[Event "HUN-chT4 Chalupetzky 1516"]
[Site "Fertoszentmiklos"]
[Date "2015.10.11"]
[Round "1.3"]
[White "Zorkoczy, Gyorgy"]
[Black "Erky, Tamas"]
[Result "1/2-1/2"]
[WhiteElo "1971"]
[BlackElo "1693"]
[PlyCount "55"]
[EventDate "2015.10.11"]
[EventType "team-tourn"]
[EventRounds "7"]
[EventCountry "HUN"]
[SourceTitle "EXT 2017"]
[Source "ChessBase"]
[SourceDate "2016.10.25"]
[SourceVersion "1"]
[SourceVersionDate "2016.10.25"]
[SourceQuality "1"]
[WhiteTeam "Level KSE"]
[BlackTeam "Toltestava Tornado"]
[WhiteTeamCountry "HUN"]
[BlackTeamCountry "HUN"]

1. e4 e6 2. d4 d5 3. exd5 exd5 4. Bd3 Nf6 5. Bg5 Be7 6. Nf3 0-0 7. 0-0 Bg4 8. h3 Bh5 9. Nbd2 Nbd7 10. c3 c5 11. Qc2 Bg6 12. Rae1 Rc8 13. Bxg6 hxg6 14. Re3 cxd4 15. Nxd4 Bc5 16. N2b3 Qb6 17. Bxf6 Nxf6 18. Nxc5 Qxc5 19. Qb3 b6 20. Rfe1 a5 21. Re5 Rfe8 22. Qa4 Rxe5 23. Rxe5 Qd6 24. Nf3 Rc4 25. Qd1 Rf4 26. Re3 Re4 27. Rxe4 Nxe4 28. Qd4 1/2-1/2

[Event "HUN-chT4a 1415"]
[Site "Hungary"]
[Date "2015.03.08"]
[Round "6.3"]
[White "Zorkoczy, Gyorgy"]
[Black "Somody, Robert"]
[Result "1/2-1/2"]
[WhiteElo "1975"]
[BlackElo "1952"]
[PlyCount "45"]
[EventDate "2014.10.19"]
[EventType "team-tourn"]
[EventRounds "7"]
[EventCountry "HUN"]
[SourceTitle "EXT 2016"]
[Source "ChessBase"]
[SourceDate "2015.10.08"]
[SourceVersion "1"]
[SourceVersionDate "2015.10.08"]
[SourceQuality "1"]

1. e4 c5 2. Nf3 d6 3. d4 cxd4 4. Nxd4 Nf6 5. Nc3 a6 6. f3 e5 7. Nb3 Be6 8. Be3 Nbd7 9. Qd2 Rc8 10. 0-0-0 Be7 11. g4 0-0 12. h4 Nb6 13. h5 Nc4 14. Bxc4 Rxc4 15. g5 Nd7 16. Rdg1 b5 17. g6 Nf6 18. h6 fxg6 19. Qh2 b4 20. hxg7 Rf7 21. Rxg6 Rxg7 22. Rxg7+ Kxg7 23. Nd5 1/2-1/2

[Event "HUN-chT4a 1415"]
[Site "Hungary"]
[Date "2015.01.18"]
[Round "4.3"]
[White "Zorkoczy, Gyorgy"]
[Black "Bojnar, Istvan"]
[Result "1-0"]
[WhiteElo "1975"]
[BlackElo "1703"]
[PlyCount "75"]
[EventDate "2014.10.19"]
[EventType "team-tourn"]
[EventRounds "7"]
[EventCountry "HUN"]
[SourceTitle "EXT 2016"]
[Source "ChessBase"]
[SourceDate "2015.10.08"]
[SourceVersion "1"]
[SourceVersionDate "2015.10.08"]
[SourceQuality "1"]

1. e4 c5 2. Nf3 Nc6 3. d4 cxd4 4. Nxd4 e6 5. Be3 a6 6. Nc3 Bb4 7. Qd2 d5 8. Nxc6 bxc6 9. Qd4 Bf8 10. exd5 cxd5 11. Rd1 Nf6 12. Be2 Be7 13. 0-0 0-0 14. f4 Ne8 15. Qd3 f5 16. Bf3 Bb7 17. Bd4 Bf6 18. Rfe1 Nc7 19. Re2 Qd7 20. Rde1 Bxd4+ 21. Qxd4 Rf6 22. Qb6 Qc6 23. Qb3 Rd8 24. Re5 Bc8 25. Ne2 Qd6 26. Nd4 Qc5 27. c3 h6 28. Qb4 Qxb4 29. cxb4 Rd6 30. Rc1 Rf7 31. Re3 Bb7 32. Bh5 Rfd7 33. Rce1 Re7 34. Nxf5 exf5 35. Rxe7 Rc6 36. a4 Bc8 37. h3 Be6 38. Rxc7 1-0

[Event "HUN-chT4 1314"]
[Site "Hungary"]
[Date "2014.01.19"]
[Round "6.1"]
[White "Zorkoczy, Gyorgy"]
[Black "Kurcsics, Erika"]
[Result "0-1"]
[WhiteElo "1959"]
[BlackElo "1808"]
[PlyCount "92"]
[EventDate "2013.10.13"]
[EventType "team-tourn"]
[EventRounds "11"]
[EventCountry "HUN"]
[SourceTitle "EXT 2016"]
[Source "ChessBase"]
[SourceDate "2015.10.08"]
[SourceVersion "1"]
[SourceVersionDate "2015.10.08"]
[SourceQuality "1"]

1. e4 c5 2. Nf3 g6 3. d4 cxd4 4. Nxd4 Bg7 5. Be3 Nc6 6. Nxc6 bxc6 7. Nc3 Qa5 8. Bd2 Qb4 9. Bd3 Qxb2 10. Rb1 Qa3 11. Rb3 Qd6 12. 0-0 Qc7 13. f4 d6 14. Qf3 Nf6 15. f5 0-0 16. Qh3 Nd7 17. g4 Nc5 18. fxg6 fxg6 19. Rbb1 Nxd3 20. Rxf8+ Bxf8 21. cxd3 Qd7 22. Qe3 Qxg4+ 23. Kh1 Bg7 24. Ne2 Qh3 25. Qxh3 Bxh3 26. Rb7 Bf6 27. Nf4 Bg4 28. Kg2 g5 29. Nh3 h6 30. Nf2 Be6 31. a4 c5 32. Kg3 Be5+ 33. Kg2 Kf7 34. Be3 Bc8 35. Rb1 Bd7 36. a5 Bc3 37. h4 gxh4 38. Bxh6 Bxa5 39. Kf3 Bb6 40. Bg5 h3 41. Rh1 Rh8 42. Kg3 Bc7 43. Bf4 a5 44. Kh2 Rg8 45. Nxh3 Bxh3 46. Kxh3 Rh8+ 0-1

[Event "HUN-chT4 1314"]
[Site "Hungary"]
[Date "2013.10.27"]
[Round "2.1"]
[White "Zorkoczy, Gyorgy"]
[Black "Bojnar, Istvan"]
[Result "1-0"]
[WhiteElo "1990"]
[BlackElo "1687"]
[PlyCount "31"]
[EventDate "2013.10.13"]
[EventType "team-tourn"]
[EventRounds "11"]
[EventCountry "HUN"]
[SourceTitle "EXT 2016"]
[Source "ChessBase"]
[SourceDate "2015.10.08"]
[SourceVersion "1"]
[SourceVersionDate "2015.10.08"]
[SourceQuality "1"]

1. e4 c5 2. Nf3 Nc6 3. d4 cxd4 4. Nxd4 g6 5. Be3 Bg7 6. c3 e6 7. Nb5 Bf8 8. Be2 a6 9. Nd6+ Bxd6 10. Qxd6 Qe7 11. Qg3 Nf6 12. Nd2 d6 13. Bg5 Ne5 14. Qh4 Ned7 15. e5 dxe5 16. Ne4 1-0

[Event "HUN-chT4 1112"]
[Site "Hungary"]
[Date "2012.01.22"]
[Round "5.3"]
[White "Zorkoczy, Gyorgy"]
[Black "Kurcsics, Erika"]
[Result "1-0"]
[WhiteElo "2024"]
[BlackElo "1628"]
[PlyCount "69"]
[EventDate "2011.09.11"]
[EventType "team-tourn"]
[EventRounds "9"]
[EventCountry "HUN"]
[SourceTitle "EXT 2016"]
[Source "ChessBase"]
[SourceDate "2015.10.08"]
[SourceVersion "1"]
[SourceVersionDate "2015.10.08"]
[SourceQuality "1"]

1. e4 c5 2. Nf3 g6 3. d4 cxd4 4. Nxd4 Nc6 5. Be3 Bg7 6. Nxc6 dxc6 7. Qxd8+ Kxd8 8. c3 Bd7 9. Na3 e5 10. Rd1 Kc7 11. Bc4 f6 12. Ke2 b6 13. Rd2 Rd8 14. Rhd1 Ne7 15. h3 g5 16. Nc2 c5 17. b4 cxb4 18. Nxb4 Bc8 19. Bb5 Rxd2+ 20. Rxd2 Rd8 21. Rc2 Bb7 22. f3 a5 23. Na6+ Bxa6 24. Bxa6 Ra8 25. Bb5 Nc6 26. c4 Nb4 27. Rd2 Nc6 28. c5 bxc5 29. Bxc5 Rd8 30. Rc2 Rc8 31. Bxc6 Kxc6 32. Bf8+ Kb7 33. Rxc8 Kxc8 34. Bxg7 Kd7 35. Bxf6 1-0

[Event "HUN-chT4 1112"]
[Site "Hungary"]
[Date "2011.09.11"]
[Round "1.1"]
[White "Zorkoczy, Gyorgy"]
[Black "Csavajda, Peter"]
[Result "1-0"]
[WhiteElo "2024"]
[BlackElo "1991"]
[PlyCount "81"]
[EventDate "2011.09.11"]
[EventType "team-tourn"]
[EventRounds "9"]
[EventCountry "HUN"]
[SourceTitle "EXT 2016"]
[Source "ChessBase"]
[SourceDate "2015.10.08"]
[SourceVersion "1"]
[SourceVersionDate "2015.10.08"]
[SourceQuality "1"]

1. e4 Nc6 2. Nf3 d6 3. d4 Nf6 4. Bd3 e5 5. c3 Bg4 6. Be3 Bxf3 7. gxf3 exd4 8. cxd4 d5 9. Nc3 dxe4 10. fxe4 Bb4 11. Qb3 Ng4 12. 0-0-0 Nxe3 13. fxe3 Bxc3 14. bxc3 0-0 15. Qxb7 Qd6 16. e5 Qa3+ 17. Qb2 Qxb2+ 18. Kxb2 Rab8+ 19. Kc2 Ne7 20. c4 c6 21. Rb1 h6 22. Rxb8 Rxb8 23. Rb1 Rxb1 24. Kxb1 f5 25. exf6 gxf6 26. Kb2 Kf7 27. Kb3 Ke6 28. Kb4 Kd6 29. Be4 Nc8 30. Ka5 Kc7 31. Kb4 Kd6 32. c5+ Kc7 33. Bd3 Ne7 34. e4 f5 35. exf5 Nd5+ 36. Kb3 Kd7 37. Be4 Nf6 38. Bf3 h5 39. h3 h4 40. Kc4 Kc7 41. d5 1-0

[Event "HUN-chT2 Szechenyi 1011"]
[Site "Hungary"]
[Date "2011.03.27"]
[Round "7.3"]
[White "Vajda, Attila"]
[Black "Zorkoczy, Gyorgy"]
[Result "0-1"]
[WhiteElo "1992"]
[BlackElo "2040"]
[PlyCount "54"]
[EventDate "2010.09.12"]
[EventType "team-tourn"]
[EventRounds "11"]
[EventCountry "HUN"]
[SourceTitle "EXT 2012"]
[Source "ChessBase"]
[SourceDate "2011.11.24"]
[SourceVersion "1"]
[SourceVersionDate "2011.11.24"]
[SourceQuality "1"]
[WhiteTeam "Tapolca"]
[BlackTeam "FKMK"]
[WhiteTeamCountry "HUN"]
[BlackTeamCountry "HUN"]

1. d4 Nf6 2. c4 e6 3. Nf3 b6 4. g3 Bb7 5. Bg2 d6 6. Nc3 Be7 7. 0-0 0-0 8. Qc2 Nbd7 9. Rd1 c5 10. d5 exd5 11. cxd5 a6 12. a4 b5 13. axb5 axb5 14. Rxa8 Qxa8 15. e4 b4 16. Nb1 Qa2 17. Nbd2 Ba6 18. Nh4 Bb5 19. Re1 Ne5 20. Qb3 Qa6 21. Bf1 Bxf1 22. Rxf1 Qe2 23. Nf5 Re8 24. Qe3 Qh5 25. h4 Bf8 26. Qg5 Qe2 27. f4 Neg4 0-1

[Event "HUN-chT2 Szechenyi 1011"]
[Site "Hungary"]
[Date "2010.09.26"]
[Round "2.3"]
[White "Zorkoczy, Gyorgy"]
[Black "Pinterne, Kovacs Marta"]
[Result "0-1"]
[WhiteElo "2040"]
[BlackElo "2149"]
[PlyCount "62"]
[EventDate "2010.09.12"]
[EventType "team-tourn"]
[EventRounds "11"]
[EventCountry "HUN"]
[SourceTitle "EXT 2012"]
[Source "ChessBase"]
[SourceDate "2011.11.24"]
[SourceVersion "1"]
[SourceVersionDate "2011.11.24"]
[SourceQuality "1"]
[WhiteTeam "FKMK"]
[BlackTeam "Spartacus"]
[WhiteTeamCountry "HUN"]
[BlackTeamCountry "HUN"]

1. e4 c5 2. Nf3 d6 3. d4 cxd4 4. Nxd4 Nf6 5. Nc3 a6 6. Bd3 Nc6 7. Nxc6 bxc6 8. 0-0 e5 9. Bg5 Be7 10. Bxf6 Bxf6 11. Bc4 Be6 12. Bxe6 fxe6 13. Qh5+ g6 14. Qh3 Qe7 15. Rad1 0-0 16. Rd3 Rab8 17. b3 d5 18. Qg4 Bg7 19. g3 Rb4 20. a3 Rd4 21. Rxd4 exd4 22. Ne2 e5 23. b4 Qf7 24. Nc1 dxe4 25. Qxe4 Qf3 26. Qxf3 Rxf3 27. Nd3 e4 28. Kg2 Bh6 29. Nc5 Rxa3 30. Nxe4 Ra4 31. Rb1 Bf8 0-1

[Event "HUN-chT2 Szechenyi 0910"]
[Site "Hungary"]
[Date "2010.04.18"]
[Round "10.4"]
[White "Zorkoczy, Gyorgy"]
[Black "Szakaly, Laszlo"]
[Result "0-1"]
[WhiteElo "2057"]
[BlackElo "2068"]
[PlyCount "70"]
[EventDate "2009.11.08"]
[EventType "team-tourn"]
[EventRounds "11"]
[EventCountry "HUN"]
[SourceTitle "EXT 2011"]
[Source "ChessBase"]
[SourceDate "2010.11.26"]
[SourceVersion "1"]
[SourceVersionDate "2010.11.26"]
[SourceQuality "1"]
[WhiteTeam "FKMK"]
[BlackTeam "Kertvaros"]
[WhiteTeamCountry "HUN"]
[BlackTeamCountry "HUN"]

1. e4 c5 2. Nf3 d6 3. d4 cxd4 4. Nxd4 Nf6 5. Nc3 g6 6. f3 Bg7 7. Be3 0-0 8. Qd2 Nc6 9. Nxc6 bxc6 10. 0-0-0 Be6 11. b3 Qa5 12. Na4 Qc7 13. Bh6 Bxh6 14. Qxh6 c5 15. c4 Bd7 16. Nc3 Bc6 17. h4 a5 18. a4 Qb7 19. Nb5 Rad8 20. Be2 Nh5 21. g4 Ng3 22. Rhe1 Nxe2+ 23. Rxe2 Bxb5 24. axb5 e6 25. g5 d5 26. Red2 d4 27. h5 Rd7 28. Rh1 Qc7 29. Rh4 Qg3 30. Rdh2 Qe1+ 31. Kb2 Qc3+ 32. Ka2 a4 33. Qxh7+ Kxh7 34. hxg6+ Kxg6 35. Rh6+ Kxg5 0-1

[Event "HUN-chT2 Szechenyi 0910"]
[Site "Hungary"]
[Date "2009.05.02"]
[Round "11.3"]
[White "Zorkoczy, Gyorgy"]
[Black "Nagy, Bence"]
[Result "0-1"]
[WhiteElo "2057"]
[BlackElo "2305"]
[PlyCount "90"]
[EventDate "2009.11.08"]
[EventType "team-tourn"]
[EventRounds "11"]
[EventCountry "HUN"]
[SourceTitle "EXT 2011"]
[Source "ChessBase"]
[SourceDate "2010.11.26"]
[SourceVersion "1"]
[SourceVersionDate "2010.11.26"]
[SourceQuality "1"]
[WhiteTeam "FKMK"]
[BlackTeam "Lovo"]
[WhiteTeamCountry "HUN"]
[BlackTeamCountry "HUN"]

1. e4 c5 2. Nf3 e6 3. d4 cxd4 4. Nxd4 d6 5. Be2 a6 6. 0-0 Nf6 7. Bg5 Qb6 8. Qd3 Nc6 9. Nxc6 bxc6 10. Nd2 Be7 11. Nc4 Qc7 12. Bxf6 gxf6 13. Bh5 d5 14. exd5 cxd5 15. Ne3 Bb7 16. g3 Rc8 17. c3 Qc5 18. Qd4 Qc6 19. Bf3 Qc7 20. Qg4 Kf8 21. Qh5 h6 22. Rad1 Qe5 23. Rfe1 Qxh5 24. Bxh5 Kg7 25. Nf5+ Kf8 26. Nxe7 Kxe7 27. Bf3 Rhd8 28. Rd4 Rb8 29. Rh4 d4 30. Bxb7 Rxb7 31. cxd4 Rxb2 32. Rc1 Rxa2 33. Rxh6 Rd7 34. Rc4 a5 35. Rh4 Ra7 36. Re4 Ra1+ 37. Kg2 a4 38. d5 f5 39. Re3 a3 40. dxe6 a2 41. exf7+ Kxf7 42. Kf3 Rb1 43. Rh4 a1Q 44. Rh7+ Kg6 45. Rh4 Rb3 0-1

[Event "HUN-chT2 Szechenyi 0809"]
[Site "Hungary"]
[Date "2009.01.11"]
[Round "5.6"]
[White "Zorkoczy, Gyorgy"]
[Black "Szittar, Antal"]
[Result "1/2-1/2"]
[WhiteElo "2047"]
[BlackElo "2028"]
[PlyCount "21"]
[EventDate "2008.10.26"]
[EventType "team-tourn"]
[EventRounds "11"]
[EventCountry "HUN"]
[SourceTitle "EXT 2010"]
[Source "ChessBase"]
[SourceDate "2010.11.25"]
[SourceVersion "1"]
[SourceVersionDate "2010.11.25"]
[SourceQuality "1"]
[WhiteTeam "Flesch"]
[BlackTeam "Keszthely"]
[WhiteTeamCountry "HUN"]
[BlackTeamCountry "HUN"]

1. e4 e6 2. d4 d5 3. exd5 exd5 4. Bd3 Bd6 5. Nf3 Ne7 6. 0-0 Nbc6 7. c3 Bg4 8. Be3 Qd7 9. b4 Ng6 10. Re1 0-0 11. h3 1/2-1/2

[Event "HUN-chT2 Szechenyi 0607"]
[Site "Hungary"]
[Date "2007.03.04"]
[Round "6"]
[White "Forgacs, Mihaly"]
[Black "Zorkoczy, Gyorgy"]
[Result "1/2-1/2"]
[WhiteElo "2014"]
[BlackElo "2144"]
[PlyCount "28"]
[EventDate "2006.11.12"]
[EventType "team"]
[EventRounds "11"]
[EventCountry "HUN"]
[SourceTitle "EXT 2008"]
[Source "ChessBase"]
[SourceDate "2007.11.25"]
[SourceVersion "1"]
[SourceVersionDate "2007.11.25"]
[SourceQuality "1"]
[WhiteTeam "Peti MTE"]
[BlackTeam "Flesch"]
[WhiteTeamCountry "HUN"]
[BlackTeamCountry "HUN"]

1. e4 e6 2. d4 d5 3. exd5 exd5 4. Nf3 Nf6 5. c3 Bd6 6. Bd3 0-0 7. 0-0 Bg4 8. Bg5 Nbd7 9. Nbd2 c6 10. Re1 Qc7 11. h3 Bh5 12. Qc2 Rae8 13. c4 dxc4 14. Qxc4 Bf4 1/2-1/2

[Event "HUN-chT2 Szechenyi 0506"]
[Site "Hungary"]
[Date "2006.02.12"]
[Round "7"]
[White "Sardy, Peter"]
[Black "Zorkoczy, Gyorgy"]
[Result "1-0"]
[WhiteElo "2289"]
[BlackElo "2130"]
[PlyCount "51"]
[EventDate "2005.10.16"]
[EventType "team"]
[EventRounds "11"]
[EventCountry "HUN"]
[SourceTitle "EXT 2009"]
[Source "ChessBase"]
[SourceDate "2008.11.26"]
[SourceVersion "1"]
[SourceVersionDate "2008.11.26"]
[SourceQuality "1"]
[WhiteTeam "Lovo"]
[BlackTeam "Flesch"]
[WhiteTeamCountry "HUN"]
[BlackTeamCountry "HUN"]

1. e4 e6 2. d4 d5 3. e5 c5 4. c3 Nc6 5. Nf3 Qb6 6. Bd3 Bd7 7. dxc5 Bxc5 8. 0-0 a5 9. Nbd2 f5 10. Nb3 Be7 11. a4 Qd8 12. Nbd4 h5 13. Nb5 Rb8 14. Re1 g5 15. Bxf5 exf5 16. Qxd5 Nh6 17. h4 Nf7 18. e6 Bxe6 19. Qxe6 Qd7 20. Qg6 Kf8 21. Bxg5 Re8 22. Rad1 Qc8 23. Nbd4 Nxd4 24. Nxd4 Bxg5 25. Rxe8+ Kxe8 26. hxg5 1-0